All Time Top TV Shows Airing at 8:00 ET Tuesdays Quiz Stats

 Plays Quiz not verified by Sporcle

Support Sporcle.
Go Orange.
Score 0/41 Timer 20:00
0 Plays Today
% Correct
American Idol
90.5%
NCIS
90%
Home Improvement
86%
Roseanne
84.7%
Full House
83.5%
The A-Team
82.4%
M*A*S*H
82.1%
Happy Days
81%
JAG
78.4%
The Wonder Years
74.3%
Mad About You
74%
Laverne and Shirley
73.7%
Ellen
72.5%
Who's the Boss?
72.1%
Coach
71.4%
The Dick Van Dyke Show
69.1%
Matlock
66%
Just Shoot Me
65%
Maude
61.8%
Growing Pains
61.3%
Good Times
60.3%
% Correct
Me and the Boys starring Steve Harvey
59.6%
Hee Haw
54.8%
Hawaii Five-O
54.1%
A: Igor Sikorsky
52.7%
Ironside
50.3%
The Mod Squad
49.7%
Red Skelton
43.7%
Texaco Star Theatre (aka The Milton Berle Show)
41.5%
Phenom (Judith Light, Angela Goethals, William Devane)
39.4%
The Rifleman
38.1%
The Phil Silvers Show (Sergeant Bilko)
36.4%
The Many Loves of Dobie Gillis
33.6%
Julia
29.4%
Rescue 911
29.2%
Wyatt Earp
22.9%
Daktari (Clarence)
19.5%
The Misadventures of Sheriff Lobo
15.3%
Combat!
14.2%
Cheyenne
3.4%
Laramie
2.7%

You're not logged in!

Compare scores with friends on all Sporcle quizzes.
OR
Log In

From the Vault

Movies Cut Off At 'R'

by MSUKent

At least it isn't movies cut off at the arms.
Remove Ads.
Support Sporcle.
Get the best of Sporcle when you Go Orange. This ad-free experience offers more features, more stats, and more fun while also helping to support Sporcle. Thank you for becoming a member.

Show Comments

Extras

Top Quizzes Today


Score Distribution

Your Account Isn't Verified!

In order to create a playlist on Sporcle, you need to verify the email address you used during registration. Go to your Sporcle Settings to finish the process.

Report this User

Report this user for behavior that violates our Community Guidelines.

Details: